000 00861nam a2200277Ia 4500
001 Z_1876
003 CHAP
008 220113s1998 xx 000 0 und d
010 _a164970
040 _cCHAP
090 _aTesis R 1312
100 _aRivas Jacobo, Marco Antonio
_997562
245 _aCalidad física y fisiológica en semilla de variedades de alfalfa de uso actual en el Valle de México /
_cpor Marco Antonio Rivas Jacobo
260 _aChapingo, Méx. :
_bEl autor,
_c1998
300 _a60 h.
502 _aTesis (Ing. Agr. Esp. en Zootecnia) -- UACH. Departamento de Zootecnia
650 _aAlfalfa
_xMéxico (Edo.)
_9139003
650 _aAlfalfa
_xSemillas
_9139004
650 _aSemillas
_xFisiología y morfología
_9103902
901 _aTESIS R 1312
902 _aM
910 _a1998
942 _c2
942 _c2
999 _c164970
_d164970